[Event "Tourn. n7981"]
[Site "www.chess-mail.com"]
[Date "2015.03.01"]
[Round "1"]
[White "Woodpusher2"]
[Black "Szustan"]
[WhiteElo "2510"]
[BlackElo "2620"]
[Result "1/2-1/2"]
[Round "1"]
1.d4 d5
2.Ng1f3 Ng8f6
3.c4 dxc4
4.e3 e6
5.Bf1xc4 c5
6.O-O a6
7.Bc4b3 b5
8.a4 b4
9.Nb1d2 Bc8b7
10.e4 Bf8e7
11.e5 Nf6d7
12.Nd2c4 O-O
13.Bc1e3 Qd8c7
14.Ra1c1 Bb7xf3
15.Qd1xf3 cxd4
16.Be3xd4 Nb8c6
17.Bd4e3 Nd7c5
18.Bb3d1 Ra8d8
19.Qf3g3 Nc5e4
20.Qg3g4 Ne4c5
21.Be3h6 g6
22.Bd1f3 Nc6xe5
23.Nc4xe5 Qc7xe5
24.Bh6xf8 Be7xf8
25.Qg4xb4 Rd8b8
26.Qb4c3 Qe5xc3
27.bxc3 Nc5xa4
28.Rc1a1 Na4xc3
29.Ra1xa6 Bf8c5
30.Ra6a8 Rb8xa8
31.Bf3xa8 Nc3e2
32.Kh1 g5
33.g3 f5
34.Kg2 Kf7
35.Rf1a1 Ne2d4
36.Ra1a4 Kf6
37.Ra4c4 Bc5b6
38.Ba8b7 Ke5
39.Bb7f3 Nd4xf3
40.Kxf3 h5
41.h4 g4
42.Ke2 Kf6
{ draw }
1/2-1/2

[Event "Tourn. n8103"]
[Site "www.chess-mail.com"]
[Date "2015.03.01"]
[Round "1"]
[White "Umzi"]
[Black "Faerieking"]
[WhiteElo "2070"]
[BlackElo "2170"]
[Result "0-1"]
[Round "1"]
1.e4 e5
2.Ng1f3 f5
3.exf5 e4
4.Nf3d4 Ng8f6
5.d3 c5
6.Nd4b3 exd3
7.Bf1xd3 d5
8.Bd3b5 Nb8c6
9.Bb5xc6 bxc6
10.O-O Bc8xf5
11.Rf1e1 Kf7
12.Bc1g5 c4
13.Nb3d4 Bf5d7
14.Nb1c3 Bf8e7
15.h4 Rh8f8
16.h5 h6
17.Bg5xf6 Be7xf6
18.Qd1f3 Kg8
19.Qf3d1 Qd8b6
20.Nd4e6 Bd7xe6
21.Re1xe6 Bf6xc3
22.bxc3 Qb6xf2
23.Kh1 Rf8f4
{ resign }
0-1

[Event "Tourn. n8077"]
[Site "www.chess-mail.com"]
[Date "2015.03.01"]
[Round "1"]
[White "Senitram"]
[Black "Faerieking"]
[WhiteElo "2590"]
[BlackElo "2220"]
[Result "1-0"]
[Round "1"]
1.Ng1f3 Ng8f6
2.d4 e6
3.c4 Bf8b4
4.Bc1d2 c5
5.Bd2xb4 cxb4
6.a3 Qd8a5
7.e3 Nb8c6
8.Bf1d3 b6
9.O-O d5
10.cxd5 exd5
11.Nf3e5 Bc8b7
12.Ne5xc6 Bb7xc6
13.Qd1b3 b5
14.Rf1c1 { resign }
1-0

[Event "Tourn. n7952"]
[Site "www.chess-mail.com"]
[Date "2015.03.01"]
[Round "1"]
[White "Seger"]
[Black "Szustan"]
[WhiteElo "2630"]
[BlackElo "2610"]
[Result "1/2-1/2"]
[Round "1"]
1.d4 d5
2.Bc1f4 Ng8f6
3.e3 e6
4.Ng1f3 Bf8e7
5.c4 dxc4
6.a3 b5
7.b3 c5
8.bxc4 O-O
9.cxb5 a6
10.Nb1d2 Nb8d7
11.bxa6 Bc8xa6
12.Bf1xa6 Ra8xa6
13.dxc5 Nd7xc5
14.O-O Qd8a8
15.Qd1c2 Nf6d5
16.Bf4e5 Nc5d7
17.Be5d4 Rf8c8
18.Qc2b2 Rc8b8
19.Qb2a2 Ra6xa3
20.Qa2c4 h6
21.Ra1xa3 Qa8xa3
22.g3 Be7c5
23.Rf1a1 Qa3b4
24.Bd4xc5 Qb4xc5
25.Kg2 g5
26.Qc4xc5 Nd7xc5
27.Ra1a5 Rb8c8
28.Ra5a3 Kg7
29.h4 g4
30.Nf3e5 h5
31.e4 { draw }
1/2-1/2

[Event "Match"]
[Site "www.echecsemail.com"]
[Date "2015.03.01"]
[Round "1"]
[White "Castletyme"]
[Black "E4player"]
[WhiteElo "1870"]
[BlackElo "1809"]
[Result "0-1"]
[Round "1"]
1.e4 d5
2.exd5 Ng8f6
3.c4 c6
4.dxc6 Nb8xc6
5.Ng1f3 e5
6.d3 e4
7.dxe4 Qd8xd1
8.Kxd1 Nf6xe4
9.Nb1c3 Ne4xf2
{ resign }
0-1

[Event "Match"]
[Site "www.echecsemail.com"]
[Date "2015.03.01"]
[Round "1"]
[White "Fanny33"]
[Black "Jacks"]
[WhiteElo "2770"]
[BlackElo "2800"]
[Result "1/2-1/2"]
[Round "1"]
1.e4 e5
2.Bf1c4 Nb8c6
3.Nb1c3 Ng8f6
4.d3 Nc6a5
5.Ng1e2 Bf8c5
6.O-O Na5xc4
7.dxc4 d6
8.Qd1d3 Bc8e6
9.b3 O-O
10.Bc1g5 h6
11.Bg5e3 Nf6d7
12.Ne2g3 a5
13.a4 Rf8e8
14.Ra1d1 Bc5xe3
15.Qd3xe3 Qd8g5
16.Qe3xg5 hxg5
17.Nc3b5 Ra8c8
18.Nb5a7 Rc8a8
19.Na7b5 Ra8c8
20.Nb5a7 { draw }
1/2-1/2

[Event "Match"]
[Site "www.echecsemail.com"]
[Date "2015.03.01"]
[Round "1"]
[White "F14"]
[Black "Llord"]
[WhiteElo "1699"]
[BlackElo "1770"]
[Result "1/2-1/2"]
[Round "1"]
1.e4 e5
2.Ng1f3 Nb8c6
3.Bf1b5 Bf8c5
4.O-O Ng8f6
5.Bb5xc6 dxc6
6.d3 Bc8g4
7.Bc1g5 O-O
8.Nb1c3 h6
9.Bg5e3 Bc5b6
10.Qd1e2 Bg4h5
11.Be3xb6 axb6
12.Qe2e3 Nf6g4
13.Qe3e1 Rf8e8
14.h3 Ng4f6
15.Nf3h4 Nf6h7
16.Nh4f5 Qd8g5
17.h4 Qg5f6
18.f3 Bh5g6
19.Nf5e3 b5
20.a3 h5
21.f4 Nh7f8
22.fxe5 Qf6xe5
23.Qe1f2 Nf8d7
24.Qf2f4 Qe5xf4
25.Rf1xf4 b4
26.Nc3e2 bxa3
27.Ra1xa3 Ra8xa3
28.bxa3 Re8a8
29.Ne3f5 Bg6xf5
30.Rf4xf5 g6
31.Rf5f2 Ra8xa3
32.Ne2d4 Nd7f6
33.Rf2xf6 Kg7
34.Rf6f2 Ra3a2
35.Kh2 { draw }
1/2-1/2

[Event "Match"]
[Site "www.echecsemail.com"]
[Date "2015.03.01"]
[Round "1"]
[White "Cuneiformist"]
[Black "Billyg"]
[WhiteElo "1299"]
[BlackElo "1610"]
[Result "0-1"]
[Round "1"]
1.e4 e5
2.Ng1f3 d6
3.d4 exd4
4.Nf3xd4 h6
5.Nb1c3 a6
6.Bf1d3 Ng8f6
7.O-O Bf8e7
 { time }
0-1

[Event "Match"]
[Site "www.echecsemail.com"]
[Date "2015.03.01"]
[Round "1"]
[White "F14"]
[Black "Pare123"]
[WhiteElo "1820"]
[BlackElo "1980"]
[Result "1-0"]
[Round "1"]
1.e4 c5
2.Ng1f3 Nb8c6
3.Bf1b5 Qd8b6
4.Nb1c3 a6
5.Bb5e2 e6
6.O-O Bf8e7
7.b3 Ng8f6
8.Ra1b1 d6
9.Bc1b2 e5
10.Rf1e1 O-O
11.Nc3d5 Nf6xd5
12.exd5 Nc6b4
13.Be2c4 Bc8g4
14.a3 Bg4xf3
15.gxf3 a5
16.axb4 Qb6xb4
17.Re1e4 Qb4b6
18.f4 f5
19.Re4e3 exf4
20.Re3xe7 { resign }
1-0

[Event "Match"]
[Site "www.echecsemail.com"]
[Date "2015.03.01"]
[Round "1"]
[White "Bluetealeaf"]
[Black "Carloswhizz"]
[WhiteElo "1700"]
[BlackElo "1780"]
[Result "0-1"]
[Round "1"]
1.e4 d5
2.Qd1e2 e5
3.Ng1f3 f6
4.d3 d4
5.Bc1d2 Nb8c6
6.a4 Ng8e7
7.g3 Bc8d7
8.Bf1g2 Ne7g6
9.a5 a6
10.c3 Bd7g4
11.h3 Bg4xf3
12.Qe2xf3 Bf8e7
13.c4 O-O
14.h4 Nc6b4
15.Nb1a3 Ra8b8
16.h5 Ng6h8
17.Qf3g4 Qd8e8
18.h6 g6
19.Qg4e6 Qe8f7
20.Bg2h3 Rb8e8
21.Qe6xf7 Nh8xf7
22.Bh3e6 Nb4xd3
23.Ke2 Nd3xb2
24.Rh1b1 Be7xa3
25.Ra1xa3 Re8xe6
26.Rb1xb2 b6
27.Kd3 g5
28.Bd2b4 c5
29.Bb4d2 Nf7xh6
30.axb6 Rf8b8
31.b7 Kf8
32.Bd2a5 f5
33.Ba5c7 Rb8xb7
34.Rb2xb7 Kf7
35.Bc7xe5 Kg6
36.Be5h8 fxe4
37.Ke2 d3
38.Ke3 Nh6g4
39.Kd2 Ng4xf2
40.Rb7g7 Kh6
41.Rg7f7 e3
42.Kc3 d2
43.Ra3a1 d1Q
44.Ra1xd1 Nf2xd1
45.Kc2 e2
46.Bh8g7 Kg6
47.Rf7d7 e1Q
48.Rd7xd1 Re6e2
49.Kc1 Qe1xg3
50.Bg7b2 Qg3f4
51.Kb1 Qf4xc4
52.Rd1c1 Qc4b4
53.Rc1c2 Re2xc2
54.Kxc2 Qb4e4
55.Kb3 g4
56.Bb2a3 c4
57.Kc3 Qe4d3
58.Kb4 a5
59.Ka4 Qd3b3
60.Kxa5 Qb3xa3
61.Kb5 Qa3b3
{ resign }
0-1

[Event "Match"]
[Site "www.echecsemail.com"]
[Date "2015.03.01"]
[Round "1"]
[White "Cardiff"]
[Black "Geodad5"]
[WhiteElo "1950"]
[BlackElo "2110"]
[Result "1/2-1/2"]
[Round "1"]
1.d4 d5
2.c4 e6
3.Nb1c3 Ng8f6
4.cxd5 exd5
5.Bc1g5 Bf8e7
6.e3 O-O
7.Ng1f3 Bc8g4
8.h3 Bg4h5
9.Bf1e2 c6
10.O-O Nb8d7
11.a3 h6
12.Bg5h4 Nf6h7
13.Bh4xe7 Qd8xe7
14.Nf3d2 Bh5xe2
15.Qd1xe2 f5
16.Qe2d3 Nh7f6
17.Rf1e1 Nf6e4
18.Ra1c1 Nd7b6
19.Re1f1 Ne4xd2
20.Qd3xd2 Nb6c4
21.Qd2e2 Rf8f6
22.Qe2c2 Ra8f8
23.a4 Qe7f7
24.b3 Nc4d6
25.Rf1e1 g5
26.Nc3a2 a6
27.Na2c3 Qf7h5
28.Qc2e2 Qh5g6
29.Qe2d3 Qg6f7
30.Rc1d1 Nd6e4
31.f3 Ne4d6
32.Re1e2 Kh8
33.e4 fxe4
34.fxe4 dxe4
35.Nc3xe4 Nd6xe4
36.Re2xe4 Qf7d7
37.Rd1e1 Rf8f7
38.Re4e8 { draw }
1/2-1/2

[Event "Match"]
[Site "www.echecsemail.com"]
[Date "2015.03.01"]
[Round "1"]
[White "Vinvangogh"]
[Black "Xav77"]
[WhiteElo "1269"]
[BlackElo "2060"]
[Result "0-1"]
[Round "1"]
1.e4 e5
2.b3 Bf8c5
3.Nb1c3 Ng8f6
4.Bf1c4 a6
5.Ng1f3 d6
6.O-O Bc8g4
7.d3 Nb8c6
8.h3 Bg4h5
9.Bc1g5 h6
10.Bg5e3 g5
11.Be3xc5 dxc5
12.Nc3d5 Nc6d4
13.g4 Bh5g6
14.Nf3xe5 h5
15.c3 b5
16.f4 bxc4
17.fxg5 Nf6xd5
18.cxd4 Nd5e3
19.Qd1e2 Ne3xf1
20.Ra1xf1 Qd8xd4
21.Kh1 Qd4xe5
22.a3 O-O-O
23.bxc4 Rd8d6
24.Rf1b1 Rd6b6
25.Rb1xb6 cxb6
26.d4 Bg6xe4
27.Kg1 Qe5g3
28.Kf1 Be4d3
{ resign }
0-1

[Event "Match"]
[Site "www.echecsemail.com"]
[Date "2015.03.01"]
[Round "1"]
[White "Paco"]
[Black "Kesalon"]
[WhiteElo "1870"]
[BlackElo "999"]
[Result "0-1"]
[Round "1"]
1.e4 e5
2.Ng1f3 Nb8c6
3.Bf1c4 Bf8c5
4.Nf3g5 Qd8xg5
5.Qd1f3 Qg5g6
6.Nb1c3 Nc6d4
7.Qf3d3 Qg6xg2
8.Rh1f1 Nd4f3
9.Kd1 d6
10.Qd3d5 Qg2g6
11.Nc3b5 Bc5b6
12.Qd5d3 Bc8g4
13.Qd3d5 O-O-O
14.Rf1h1 Ng8f6
15.Qd5d3 Bb6xf2
16.Qd3a3 Nf3d4
17.Bc4e2 Bg4xe2

0-1

[Event "Match"]
[Site "www.echecsemail.com"]
[Date "2015.03.01"]
[Round "1"]
[White "Uji40"]
[Black "Vinvangogh"]
[WhiteElo "1810"]
[BlackElo "1400"]
[Result "1-0"]
[Round "1"]
1.e4 e5
2.Ng1f3 Nb8c6
3.Bf1b5 a6
4.Bb5a4 b5
5.Ba4b3 Bc8b7
6.c3 b4
7.O-O Bf8c5
8.d4 exd4
9.cxd4 Nc6xd4
10.Nf3xd4 Qd8h4
11.Rf1e1 O-O-O
12.Bb3xf7 Ng8f6
13.Bf7c4 Bb7xe4
14.b3 Nf6g4
15.Re1xe4 Qh4xf2
16.Kh1 Qf2h4
17.Re4xg4 Qh4f2
18.Bc4xa6 Kb8
19.Rg4f4 Bc5xd4
20.Rf4xf2 Bd4xf2
21.Qd1d5 c6
22.Qd5a5 Ka7
23.Ba6b5 Kb7
24.Qa5a6 Kc7
25.Bc1f4 d6
26.Qa6xc6 Kb8
27.Bb5a6 Rh8e8
28.Qc6b7 
1-0

[Event "1/128 Finale"]
[Site "www.chess-mail.com"]
[Date "2015.03.01"]
[Round "1"]
[White "Genius7"]
[Black "4knights"]
[WhiteElo "1730"]
[BlackElo "1499"]
[Result "1/2-1/2"]
[Round "1"]
1.d4 Ng8f6
2.c4 e6
3.g3 d5
4.Bf1g2 dxc4
5.Qd1a4 Nb8d7
6.Qa4xc4 Bf8e7
7.Ng1f3 O-O
8.O-O Ra8b8
9.Nb1c3 a6
10.e4 b5
11.Qc4e2 Bc8b7
12.a3 Nd7b6
13.Bc1g5 Nf6g4
14.Bg5xe7 Qd8xe7
15.e5 Rf8d8
16.Nc3e4 Nb6d7
17.Ra1c1 Rb8c8
18.h3 Ng4h6
19.Rf1d1 Nd7b6
20.Ne4c5 Rc8b8
21.Nc5xb7 Rb8xb7
22.Rc1c5 Rd8d5
23.Rd1c1 Nh6f5
24.Rc5xd5 Nb6xd5
25.Qe2d2 { draw }
1/2-1/2

[Event "1/64 Finale"]
[Site "www.chess-mail.com"]
[Date "2015.03.01"]
[Round "1"]
[White "Vasylpuzanov"]
[Black "Chtoubidou"]
[WhiteElo "2080"]
[BlackElo "1880"]
[Result "1-0"]
[Round "1"]
1.e4 d5
2.exd5 Ng8f6
3.d4 Bc8g4
4.Bf1e2 Bg4xe2
5.Ng1xe2 Nf6xd5
6.c4 Nd5b6
7.O-O g6
8.Qd1b3 Bf8g7
9.c5 Nb6d5
10.Qb3xb7 { resign }
1-0

[Event "Eq:Slap Shot Mates-Los Tercios : "]
[Site "www.chess-mail.com"]
[Date "2015.03.01"]
[Round "1"]
[White "Hwj"]
[Black "Danquigley"]
[WhiteElo "2730"]
[BlackElo "2600"]
[Result "1-0"]
[Round "1"]
1.e4 c5
2.Ng1f3 d6
3.d4 cxd4
4.Nf3xd4 Ng8f6
5.Nb1c3 a6
6.Bc1e3 Nb8d7
7.f3 e6
8.g4 h6
9.Rh1g1 b5
10.h4 Nd7b6
11.g5 hxg5
12.hxg5 Nf6d7
13.g6 Qd8h4
14.Be3f2 Qh4f6
15.gxf7 Qf6xf7
16.Qd1d2 Bc8b7
17.O-O-O Rh8h2
18.a3 e5
19.Nd4f5 g6
20.Nf5xd6 Bf8xd6
21.Qd2xd6 Rh2xf2
22.Bf1h3 Rf2xf3
23.Rg1xg6 O-O-O
24.Bh3e6 Nb6c4
25.Qd6c5 Kb8
26.Be6xf7 Nd7xc5
27.Rd1xd8 Kc7
28.Bf7xc4 Kxd8
29.Bc4d5 Bb7xd5
30.exd5 Rf3f1
31.Kd2 Rf1f4
32.Rg6c6 Rf4d4
33.Ke3 Rd4c4
34.Nc3e2 Nc5d7
35.Rc6xa6 Rc4xc2
36.b4 Rc2c4
37.Ra6c6 Rc4xc6
38.dxc6 Nd7f6
39.Ne2c3 Kc7
40.Nc3xb5 Kxc6
41.Nb5c3 Nf6d7
42.Kd3 Nd7b6
43.Kc2 Nb6c8
44.a4 Nc8d6
45.Kd3 Nd6c8
46.Nc3e4 Nc8b6
47.a5 Nb6d5
48.Kc4 Nd5e3
49.Kb3 Ne3d5
50.Ka4 Nd5c7
51.Ne4c3 { resign }
1-0

[Event "Eq:CONFOEDERATIONIS HELVETICAE-Slap Shot Mates : "]
[Site "www.chess-mail.com"]
[Date "2015.03.01"]
[Round "1"]
[White "Edijs"]
[Black "Jacks"]
[WhiteElo "2810"]
[BlackElo "2820"]
[Result "0-1"]
[Round "1"]
1.Ng1f3 d5
2.g3 c6
3.Bf1g2 Bc8g4
4.O-O e6
5.d3 Nb8d7
6.Nb1d2 Bf8d6
7.e4 Ng8e7
8.b3 O-O
9.Bc1b2 a5
10.a4 e5
11.h3 Bg4h5
12.g4 Bh5g6
13.Nf3h4 Qd8c7
14.Nh4f5 Bg6xf5
15.gxf5 Kh8
16.Kh1 Rf8g8
17.Nd2f3 Ra8d8
18.Nf3g5 Rg8f8
19.Qd1h5 Nd7f6
20.Qh5h4 h6
21.Rf1g1 Ne7g8
22.Ng5f3 Nf6d7
23.Nf3h2 { time. }
0-1

[Event "Eq:CONFOEDERATIONIS HELVETICAE-Los Tercios : "]
[Site "www.chess-mail.com"]
[Date "2015.03.01"]
[Round "1"]
[White "Asoka"]
[Black "Vasylpuzanov"]
[WhiteElo "2650"]
[BlackElo "2000"]
[Result "1-0"]
[Round "1"]
1.d4 d5
2.c4 e6
3.Ng1f3 Ng8f6
4.Bc1g5 Bf8e7
5.e3 c6
6.Nb1c3 Nb8d7
7.cxd5 exd5
8.Bf1d3 b6
9.O-O Bc8b7
10.Ra1c1 h6
11.Bg5f4 O-O
12.Bd3f5 Be7b4
13.Nf3e5 Nd7xe5
14.dxe5 Bb4xc3
15.bxc3 Nf6e4
16.Qd1g4 Kh8
17.Qg4h5 Bb7c8
18.Bf4xh6 g6
19.Qh5h3 Bc8xf5
20.g4 Kg8
21.gxf5 Rf8e8
22.Bh6f4 Qd8d7
23.e6 fxe6
24.fxg6 Qd7g7
25.f3 Ne4c5
26.Bf4e5 { resign }
1-0

[Event "Fast Game"]
[Site "www.echecsemail.com"]
[Date "2015.03.01"]
[Round "1"]
[White "Powerchess"]
[Black "Fabos12"]
[WhiteElo "1429"]
[BlackElo "1509"]
[Result "0-1"]
[Round "1"]
1.d4 g6
2.h4 d6
3.h5 gxh5
4.Rh1xh5 Ng8f6
5.Rh5h1 Nb8c6
6.Ng1f3 Bc8g4
7.e3 e5
8.dxe5 Nc6xe5
9.Bf1e2 c6
10.Nf3xe5 Bg4xe2
11.Qd1xe2 dxe5
12.Nb1c3 Bf8b4
13.Bc1d2 Qd8c7
14.O-O-O Qc7a5
15.a3 Bb4xc3
16.Bd2xc3 Qa5c7
17.Qe2f3 Nf6d5
18.Bc3d2 O-O-O
19.Qf3f5 Kb8
20.e4 Nd5f4
21.Bd2xf4 Rd8xd1
22.Rh1xd1 exf4
23.Rd1d7 Qc7b6
24.Qf5e5 Kc8
25.Qe5xh8 Kxd7
26.Qh8xh7 Ke8
27.Qh7h4 Qb6c7
28.Qh4h8 Ke7
29.g3 fxg3
 { time }
0-1

[Event "Fast Game"]
[Site "www.echecsemail.com"]
[Date "2015.03.01"]
[Round "1"]
[White "Nimzo2"]
[Black "Tenzinnima"]
[WhiteElo "1879"]
[BlackElo "1900"]
[Result "0-1"]
[Round "1"]
1.e4 c5
2.c3 e6
3.d4 d5
4.Nb1d2 cxd4
5.cxd4 dxe4
6.Nd2xe4 Ng8f6
7.Ne4c3 Bf8e7
8.Ng1f3 O-O
9.Bf1e2 b6
10.O-O Bc8a6
11.Bc1g5 Ba6xe2
12.Qd1xe2 Nb8c6
13.Ra1d1 Nf6d5
14.Bg5xe7 Nd5xc3
15.bxc3 Qd8xe7
16.Rf1e1 Rf8e8
17.Qe2e4 Ra8c8
18.h4 h6
19.d5 exd5
20.Qe4xd5 Qe7f6
21.Re1xe8 Rc8xe8
22.Nf3d4 Re8d8
23.Qd5e4 h5
24.Rd1e1 Nc6xd4
25.cxd4 Rd8xd4
26.Qe4a8 Kh7
27.Qa8xa7 Rd4xh4
28.Qa7d7 Rh4d4
29.Qd7b5 g6
30.Qb5e2 Rd4d7
31.Qe2c2 Kg7
32.a4 Qf6d4
33.Re1e4 Qd4a1
34.Kh2 Rd7d4
35.Kg3 Rd4xe4
36.Qc2xe4 Qa1c3
37.Kf4 Qc3f6
38.Ke3 g5
39.f3 Qf6c3
40.Qe4d3 Qc3e5
41.Qd3e4 Kf6
42.f4 Qe5xe4
43.Kxe4 g4
44.g3 Ke6
45.f5 Kd6
46.Kd4 f6
{ resign }
0-1

[Event "Fast Game"]
[Site "www.echecsemail.com"]
[Date "2015.03.01"]
[Round "1"]
[White "Gerailen0075"]
[Black "T9l9"]
[WhiteElo "1599"]
[BlackElo "1599"]
[Result "1-0"]
[Round "1"]
1.e4 c5
2.Nb1c3 Nb8c6
3.Bf1b5 Nc6d4
4.Ng1f3 a6
5.Bb5d3 e6
6.O-O Ng8e7
7.Nf3xd4 cxd4
8.Nc3e2 Ne7c6
9.c3 dxc3
10.dxc3 Bf8e7
11.Bd3c2 O-O
12.Qd1d3 g6
13.Bc1h6 Rf8e8
14.f4 d5
15.Qd3e3 f5
16.e5 Bc8d7
17.g4 Nc6a5
18.b3 Qd8c7
19.gxf5 Be7c5
20.Ne2d4 exf5
21.Ra1d1 Ra8c8
22.Bc2b1 Na5c6
23.Kh1 Qc7b6
24.Qe3f3 Bc5xd4
25.cxd4 Bd7e6
26.Rf1g1 Kf7
27.Qf3f2 Nc6e7
28.Qf2h4 Ne7g8
29.Bh6g5 h5
30.Bg5f6 Ng8h6
31.Rg1xg6 { resign }
1-0

[Event "Tourn. n8066"]
[Site "www.chess-mail.com"]
[Date "2015.03.02"]
[Round "1"]
[White "Gene4267"]
[Black "Nimzo2"]
[WhiteElo "1499"]
[BlackElo "1339"]
[Result "1-0"]
[Round "1"]
1.e4 c5
2.b3 e6
3.Bc1b2 d5
4.exd5 exd5
5.Ng1f3 Ng8f6
6.Bf1b5 Bc8d7
7.Bb5xd7 Nb8xd7
8.O-O Bf8e7
9.d3 O-O
10.Rf1e1 a6
11.a4 Be7d6
12.Nb1c3 Qd8c7
13.h3 d4
14.Nc3e4 Bd6f4
15.Bb2c1 Ra8e8
16.Ne4xf6 Nd7xf6
17.Bc1xf4 Qc7xf4
18.Nf3d2 g5
19.Re1xe8 Rf8xe8
20.Nd2c4 g4
21.g3 Qf4f3
22.Qd1xf3 gxf3
23.Nc4d6 Re8e2
24.Ra1c1 b6
25.Nd6f5 Nf6d7
26.g4 f6
27.Nf5g3 Re2e6
28.Kh2 b5
29.axb5 axb5
30.Ng3f5 Nd7e5
31.Kg3 Re6a6
32.Nf5h4 Kf7
33.Nh4xf3 Ke6
34.Nf3d2 Ra6a2
35.Nd2e4 c4
36.f4 Ne5d7
37.bxc4 bxc4
38.dxc4 Ra2a4
39.Rc1e1 Ra4a3
40.Kg2 Kf7
41.Re1d1 Ra3a2
42.Rd1xd4 Ra2xc2
43.Rd4d2 Rc2xd2
44.Ne4xd2 { resign }
1-0

[Event "Tourn. n8083"]
[Site "www.chess-mail.com"]
[Date "2015.03.02"]
[Round "1"]
[White "Amaya"]
[Black "Silent1"]
[WhiteElo "1900"]
[BlackElo "1900"]
[Result "1/2-1/2"]
[Round "1"]
1.d4 d5
2.e3 Ng8f6
3.Bf1d3 e6
4.Nb1d2 Bf8e7
5.f4 Nb8c6
6.c3 O-O
7.Ng1f3 h6
8.O-O b6
9.Nf3e5 Nc6xe5
10.fxe5 Nf6h7
11.e4 c6
12.exd5 exd5
13.Qd1f3 Nh7g5
14.Qf3g3 Bc8e6
15.Nd2f3 Ng5xf3
16.Rf1xf3 Be7g5
17.Bc1e3 Bg5xe3
18.Rf3xe3 Qd8g5
19.Qg3f2 Qg5e7
20.Qf2f3 b5
21.Qf3g3 Qe7d7
22.Qg3h4 f5
23.exf6 Rf8xf6
24.Ra1f1 Rf6xf1
25.Kxf1 Ra8f8
26.Kg1 Be6f5
27.Bd3e2 Rf8e8
28.Re3xe8 Qd7xe8
29.Be2f3 Qe8e3
30.Qh4f2 Qe3c1
31.Qf2f1 Qc1xb2
32.Bf3xd5 cxd5
33.Qf1xf5 Qb2c1
{ draw }
1/2-1/2

[Event "Tourn. n8075"]
[Site "www.chess-mail.com"]
[Date "2015.03.02"]
[Round "1"]
[White "Cristero"]
[Black "Francesco"]
[WhiteElo "2120"]
[BlackElo "2090"]
[Result "1-0"]
[Round "1"]
1.e4 c6
2.d4 d5
3.exd5 cxd5
4.Bf1d3 Nb8c6
5.c3 Ng8f6
6.Bc1f4 Bc8g4
7.Qd1b3 b6
8.Nb1d2 e6
9.Ng1f3 Bf8d6
10.Nf3e5 Nc6xe5
11.dxe5 Nf6h5
12.exd6 Nh5xf4
13.Qb3a4 Qd8d7
14.Qa4xf4 Bg4h5
15.a4 O-O
16.Nd2f3 Bh5xf3
17.gxf3 Rf8d8
18.Rh1g1 g6
19.h4 Kg7
20.h5 Rd8f8
21.h6 { resign }
1-0

[Event "Tourn. n8075"]
[Site "www.chess-mail.com"]
[Date "2015.03.02"]
[Round "1"]
[White "Blackpool"]
[Black "Cristero"]
[WhiteElo "2030"]
[BlackElo "2120"]
[Result "1/2-1/2"]
[Round "1"]
1.d4 Ng8f6
2.Ng1f3 e6
3.c4 Bf8b4
4.Bc1d2 Qd8e7
5.Nb1c3 O-O
6.e3 b6
7.Bf1e2 Bc8b7
8.O-O d6
9.a3 Bb4xc3
10.Bd2xc3 Nb8d7
11.b4 e5
12.dxe5 Nd7xe5
13.Bc3xe5 dxe5
14.Qd1b3 Ra8d8
15.Rf1d1 h6
16.h3 Bb7xf3
17.Be2xf3 e4
18.Bf3e2 Nf6d7
19.Rd1d4 c5
20.Rd4d2 Nd7e5
21.Ra1d1 Rd8xd2
22.Rd1xd2 Rf8d8
23.Rd2xd8 Qe7xd8
24.bxc5 bxc5
25.Qb3c3 { draw }
1/2-1/2

[Event "Tourn. n8105"]
[Site "www.chess-mail.com"]
[Date "2015.03.02"]
[Round "1"]
[White "Vitoriccardo"]
[Black "Iko"]
[WhiteElo "1609"]
[BlackElo "1470"]
[Result "1-0"]
[Round "1"]
1.e4 e5
2.Ng1f3 Nb8c6
3.d4 d6
4.Nb1c3 Bc8g4
5.dxe5 Nc6xe5
6.Bf1e2 h5
7.Bc1f4 Ne5xf3
8.Be2xf3 Bg4xf3
9.Qd1xf3 c6
10.O-O-O f6
11.Rd1d2 Qd8b6
12.Rh1d1 O-O-O
13.Bf4xd6 c5
14.Qf3f5 Rd8d7
15.Bd6xf8 Ng8h6
16.Qf5xd7 Kb8
17.Bf8d6 Ka8
18.Bd6xc5 Qb6xc5
19.Qd7xg7 Rh8c8
20.Rd2d8 Rc8xd8
21.Rd1xd8 Qc5c8
22.Rd8xc8 
1-0

[Event "Tourn. n8022"]
[Site "www.chess-mail.com"]
[Date "2015.03.02"]
[Round "1"]
[White "Genius9"]
[Black "Nimzo2"]
[WhiteElo "1570"]
[BlackElo "1499"]
[Result "0-1"]
[Round "1"]
1.c4 f5
2.Nb1c3 Ng8f6
3.d4 g6
4.Ng1f3 Bf8g7
5.g3 O-O
6.Bf1g2 c6
7.O-O d6
8.Bc1g5 Nb8d7
9.Bg5xf6 Nd7xf6
10.Qd1c2 Nf6h5
11.d5 e5
12.dxe6 Bc8xe6
13.b3 Qd8a5
14.Ra1c1 Ra8e8
15.Nf3g5 h6
16.Ng5xe6 Re8xe6
17.e3 g5
18.Rf1d1 f4
19.Bg2h3 Qa5e5
20.Bh3xe6 Qe5xe6
21.exf4 gxf4
22.Rd1e1 Bg7e5
23.Rc1d1 f3
24.Qc2d3 Qe6h3
25.Qd3g6 Nh5g7
{ resign }
0-1

[Event "Tourn. n7979"]
[Site "www.chess-mail.com"]
[Date "2015.03.02"]
[Round "1"]
[White "Bjonil60"]
[Black "Vinvangogh"]
[WhiteElo "1300"]
[BlackElo "1400"]
[Result "0-1"]
[Round "1"]
1.e4 e5
2.Nb1c3 b6
3.d3 Ng8f6
4.Ng1f3 Bf8d6
5.Bf1e2 O-O
6.O-O Nb8c6
7.a3 Bc8b7
8.b3 Nf6g4
9.h3 Nc6d4
10.Nf3xd4 exd4
11.Nc3a2 Qd8h4
12.b4 Ng4f6
13.c3 Bb7xe4
14.dxe4 Nf6xe4
15.Be2f3 Ne4g3
16.fxg3 Qh4xg3
17.Rf1f2 Qg3h2
18.Kf1 Ra8e8
19.cxd4 Qh2h1

0-1

[Event "Tourn. n8069"]
[Site "www.chess-mail.com"]
[Date "2015.03.02"]
[Round "1"]
[White "Kermet"]
[Black "Krystek23"]
[WhiteElo "2520"]
[BlackElo "2340"]
[Result "1-0"]
[Round "1"]
1.Ng1f3 Nb8c6
2.c4 Ng8f6
3.d4 e6
4.g3 d6
5.Bf1g2 h6
6.Nb1c3 Bc8d7
7.O-O Nc6e7
8.e4 Nf6h7
9.e5 d5
10.cxd5 Ne7xd5
11.Nc3xd5 exd5
12.Qd1b3 Bd7c6
13.e6 Bf8d6
14.exf7 Kxf7
15.Nf3e5 Bd6xe5
16.dxe5 Qd8d7
17.Bc1d2 Rh8d8
18.Ra1e1 Nh7f8
19.f4 Kg8
20.f5 Rd8e8
21.f6 Kh8
22.f7 Re8e7
23.e6 Qd7d6
24.Bd2b4 Qd6d8
25.Qb3a3 Re7xe6
26.Re1xe6 { resign }
1-0

[Event "Tourn. n8021"]
[Site "www.chess-mail.com"]
[Date "2015.03.02"]
[Round "1"]
[White "Attatroll"]
[Black "Samael"]
[WhiteElo "1990"]
[BlackElo "2090"]
[Result "0-1"]
[Round "1"]
1.e4 e5
2.f4 exf4
3.Ng1f3 d6
4.d4 Bf8e7
5.Bf1c4 h6
6.O-O Ng8f6
7.Nb1c3 Bc8g4
8.h3 Bg4h5
9.Bc1xf4 O-O
10.e5 dxe5
11.dxe5 Nf6h7
12.Qd1e2 Nb8c6
13.g4 Bh5g6
14.Nc3e4 Nc6a5
15.Bc4d3 Na5c6
16.Ra1d1 Nc6d4
17.Nf3xd4 Qd8xd4
18.Kh2 Qd4b6
19.c3 Ra8d8
20.Bd3c4 Rd8xd1
21.Rf1xd1 Rf8d8
22.Rd1xd8 Be7xd8
23.Bc4b3 Bg6xe4
24.Qe2xe4 Qb6f2
25.Kh1 Qf2f1
26.Kh2 Qf1f2
27.Kh1 Qf2f1
{ resign }
0-1

[Event "Tourn. n7976"]
[Site "www.chess-mail.com"]
[Date "2015.03.02"]
[Round "1"]
[White "Paco6"]
[Black "Uliczny2"]
[WhiteElo "1540"]
[BlackElo "1550"]
[Result "1-0"]
[Round "1"]
1.e4 e5
2.Ng1f3 Ng8f6
3.Nf3xe5 d6
4.Ne5f3 Nf6xe4
5.Qd1e2 Qd8e7
6.b3 d5
7.Nb1c3 Ne4xc3
8.Qe2xe7 Bf8xe7
9.dxc3 c6
10.Bf1e2 O-O
11.O-O Bc8f5
12.Nf3d4 Bf5g6
13.Bc1f4 Nb8d7
14.Rf1e1 Be7a3
15.b4 Ba3b2
16.Ra1d1 Bb2xc3
17.Re1f1 { resign }
1-0

[Event "Tourn. n8032"]
[Site "www.chess-mail.com"]
[Date "2015.03.02"]
[Round "1"]
[White "Francesco"]
[Black "Luban"]
[WhiteElo "2100"]
[BlackElo "2090"]
[Result "0-1"]
[Round "1"]
1.e4 c5
2.Ng1f3 d6
3.d4 cxd4
4.Nf3xd4 Ng8f6
5.Nb1c3 a6
6.Bc1g5 e6
7.Bf1e2 Bf8e7
8.O-O Bc8d7
9.f4 h6
10.Bg5h4 O-O
11.h3 Nf6xe4
12.Bh4xe7 Ne4xc3
13.Be7xd8 Nc3xd1
14.Rf1xd1 Rf8xd8
15.Nd4f3 Bd7c6
16.Rd1d2 d5
17.Ra1d1 Nb8d7
18.c3 Nd7f6
19.Nf3e5 Ra8c8
20.c4 Nf6e4
21.Rd2d3 Ne4d6
22.c5 Nd6e4
23.Be2f3 Ne4f6
24.g4 Bc6b5
25.Rd3c3 Nf6d7
26.Ne5xd7 Rd8xd7
27.b4 b6
28.Rd1c1 bxc5
29.bxc5 Bb5c4
30.a3 Rc8xc5
31.Kf2 Rc5b5
32.Ke3 Rd7d8
33.Kd4 Rd8b8
{ resign }
0-1

[Event "Tourn. n8043"]
[Site "www.chess-mail.com"]
[Date "2015.03.02"]
[Round "1"]
[White "Hundegana"]
[Black "Attatroll"]
[WhiteElo "1920"]
[BlackElo "1990"]
[Result "1-0"]
[Round "1"]
1.c4 d5
2.e3 Ng8f6
3.d4 dxc4
4.Bf1xc4 c6
5.Qd1b3 e6
6.Ng1f3 Bf8e7
7.Nb1d2 Qd8b6
8.O-O Qb6xb3
9.Bc4xb3 O-O
10.h3 Nb8d7
11.Nd2c4 Nd7b6
12.Bc1d2 Nb6xc4
13.Bb3xc4 Bc8d7
14.Ra1d1 Nf6e4
15.Bd2c1 Ra8d8
16.Nf3h2 Be7d6
17.Nh2g4 h5
18.Ng4e5 Bd6xe5
19.dxe5 Bd7c8
20.Bc4d3 Ne4c5
21.Bd3c2 Nc5a6
22.a3 Na6c7
23.f4 Nc7d5
24.g3 b6
25.Rf1f2 Nd5e7
26.Rf2d2 Rd8xd2
27.Rd1xd2 Ne7f5
28.Bc2xf5 exf5
29.Rd2d6 c5
30.Bc1d2 Bc8e6
31.Kf2 g6
32.Kf3 Rf8c8
33.Ke2 Kf8
34.Kd3 Ke7
35.Kc3 f6
36.Bd2e1 b5
37.b3 b4
38.axb4 cxb4
39.Kxb4 Rc8b8
40.Ka4 Be6xb3
41.Ka5 fxe5
42.Rd6xg6 exf4
43.gxf4 Bb3f7
44.Rg6a6 Rb8b7
45.Be1h4 Kd7
46.Ra6f6 Ke7
47.Rf6b6 { resign }
1-0